000 00391nam a2200169Ia 4500
001 26407
003 IN-NITTTR
005 20251114233332.0
008 251113s9999||||xx |||||||||||||| ||eng||
040 _beng
040 _cIN-NITTTR
041 _aeng
082 _a621.56 D741P
100 _aDossat, Roy J.
245 0 _aPrinciples of refrigeration. /
_cDossat, Roy J.
942 _2ddc
_cBK
999 _c29036
_d29036